| 000 | 00669nam a2200229Ia 4500 | ||
|---|---|---|---|
| 003 | OSt | ||
| 005 | 20220925212917.0 | ||
| 006 | a|||||r|||| 00| 0 | ||
| 007 | ta | ||
| 008 | 220923b |||||||| |||| 00| 0 eng d | ||
| 037 | _cGeneral Book | ||
| 040 |
_aRTL _cRTL _beng |
||
| 041 |
_2eng _aeng |
||
| 082 | _aY:3(SM95), M4/SC | ||
| 100 |
_aDELEUZE Gilles _923346 |
||
| 245 | 0 |
_aAnti-Oedipus _b Capitalism and schizophrenia. |
|
| 260 |
_aLondon _bAthlone Press _c1983 |
||
| 300 |
_axxiv,400p. _ccm. |
||
| 700 |
_a GUATTARI Felix _932510 |
||
| 942 |
_hY:3(SM95), M4/SC _cGB _2CC |
||
| 999 |
_c561542 _d561542 |
||